00685 2200217 4500001002100000005001500021035002000036008004100056245012500097100002500222260003200247300003100279020002200310084001600332082001000348650003500358700002700393504002500420990001100445990001100456INLIS00000000001178820220620112112 a0010-0622000298220620 g 0 ind 1 aKisah Abadi Nabi Muhammad SAW :bJuga Dilengkapi Kisah Nabi Isa As /cBambang Joko Susilo; editor, Cikal Ringgin Paneduh aBAMBANG, Joko Susilo aJakarta :bBee Media,c2020 a31 hal. :bilus. ;c30 cm. a978-602-6587-11-4 a297.9 BAM k a297.9 4aISLAM. KISAH NABI MUHAMMAD SAW0 aCIKAL, Ringgin Paneduh aBibliografi : hal.31 a7675 a a7675 b